LEADER 01586cam2-2200481---450 001 990002745930203316 005 20180308150914.0 010 $a88-311-9433-X 035 $a000274593 035 $aUSA01000274593 035 $a(ALEPH)000274593USA01 035 $a000274593 100 $a20060605d2005----km-y0itay50------ba 101 2 $aita$alat 102 $aIT 105 $ay|||z|||001yy 200 1 $a<<2.>> : <> difesa dei poveri contro il calunniatore$fSan Bonaventura$gtraduzione, note e indici di Silvana Martignoni$gintroduzione di Attilio Stendardi 210 $aRoma$cCittà nuova$d2005 215 $a450 p.$d24 cm 300 $aTesto orig. a fronte 461 0$10010043261$12001$aOpere di san Bonaventura 462 0$1001000274589$12001$aOpuscoli francescani 600 0$aFrancesco : d'Assisi 676 $a271.302 700 0$aBONAVENTURA : da Bagnorea $0293401 702 1$aMARTIGNONI,$bSilvana 702 1$aSTENDARDI,$bAttilio 801 0$aIT$bsalbc$gISBD 912 $a990002745930203316 951 $aII.2. 1474/ 14.2(XIV 548/14.2)$b186851 L.M.$cXIV$d00125277 951 $aAA 230 BON$b7210 FIL 959 $aBK 969 $aUMA 969 $aFIL 979 $aANNAMARIA$b90$c20060605$lUSA01$h1248 979 $aANNAMARIA$b90$c20060605$lUSA01$h1306 979 $aANNAMARIA$b90$c20110926$lUSA01$h1439 979 $c20121027$lUSA01$h1552 979 $c20121027$lUSA01$h1606 979 $c20121027$lUSA01$h1611 996 $aDifesa dei poveri contro il calunniatore$9999275 997 $aUNISA DEB $aSA0015258 LEADER 03542oam 2200673 450 001 9910132283103321 005 20221206103328.0 010 $a9782351595244 (ebook) 010 $z9782351594025 (paperback) 024 7 $a10.4000/books.ifpo.6524 035 $a(CKB)3710000000347267 035 $a(SSID)ssj0001537200 035 $a(PQKBManifestationID)11822360 035 $a(PQKBTitleCode)TC0001537200 035 $a(PQKBWorkID)11518111 035 $a(PQKB)10036312 035 $a(WaSeSS)IndRDA00044371 035 $a(FrMaCLE)OB-ifpo-6524 035 $a(oapen)https://directory.doabooks.org/handle/20.500.12854/44976 035 $a(PPN)18283249X 035 $a(EXLCZ)993710000000347267 100 $a20160829d2014 uy | 101 0 $afre 135 $aur||||||||||| 181 $ctxt 182 $cc 183 $acr 200 00$aDévelopper en Syrie$b[electronic resource] $eretour sur une expérience historique /$fÉlisabeth Longuenesse et Cyril Roussel 210 $cPresses de l?Ifpo$d2014 210 31$aFrance :$cPresses de l'Ifpo,$d2014 215 $a1 online resource (240 pages) $cillustrations, maps 225 1 $aCahiers de l'Ifpo ;$v8 300 $aBibliographic Level Mode of Issuance: Monograph 311 08$aPrint version: 9782351594025 320 $aIncludes bibliographical references. 330 $aAprès trois décennies de politiques marquées par l?hégémonie du paradigme du développement, la Syrie s?était elle aussi engagée dans un programme de réformes néolibérales, de privatisation et de décharge de l?État sur des acteurs non étatiques. Ce recueil rassemble des travaux visant à revisiter la notion de développement telle qu?elle a évolué dans la seconde moitié du 20e siècle en Syrie, jusqu?à la veille du soulèvement de 2011. L?hypothèse qui le sous-tend est qu?une telle relecture peut éclairer les facteurs à l?origine de la crise, mais aussi aider à penser les défis de la reconstruction. Quelle que soit l?issue du conflit en cours, la question sera en effet posée des modèles économiques et sociaux qui seront promus, de la conception de l?aide qui sera mobilisée par les institutions internationales et les agences de coopération. Quels choix seront faits, quelle conception du « développement » sera proposée, quel sera le rôle de l?État ? des acteurs de la société dite civile ? Les analyses proposées ici des échecs et des limites des politiques mises en ?uvre à la veille de la crise avec le soutien des bailleurs internationaux devraient inciter à la prudence et à la réflexion. Ils rappellent l?importance du monde rural et de l?équilibre entre villes et campagnes 410 0$aCahiers de l'IFPO (Institut franc?ais du Proche-Orient) ;$v8. 606 $aSociology & Social History$2HILCC 606 $aSocial Sciences$2HILCC 606 $aSocial Conditions$2HILCC 610 $aagriculture 610 $adéveloppement 610 $aindustrie 610 $aal-Assad 610 $aéconomie 610 $abienfaisance 610 $amigration 610 $aressources 615 7$aSociology & Social History 615 7$aSocial Sciences 615 7$aSocial Conditions 700 $aÉlisabeth Longuenesse$b Cyril Roussel (dir.)$4auth$01356271 702 $aRoussel$b Cyril 702 $aLonguenesse$b Élisabeth 801 0$bPQKB 801 2$bUkMaJRU 912 $a9910132283103321 996 $aDévelopper en Syrie$93360600 997 $aUNINA LEADER 04166 am 2200745 n 450 001 9910228949803321 005 20230921174024.0 010 $a2-35412-284-5 024 7 $a10.4000/books.pupvd.2903 035 $a(CKB)4100000000927499 035 $a(FrMaCLE)OB-pupvd-2903 035 $a(oapen)https://directory.doabooks.org/handle/20.500.12854/41829 035 $a(PPN)220107882 035 $a(EXLCZ)994100000000927499 100 $a20171109j|||||||| ||| 0 101 0 $afre 135 $auu||||||m|||| 181 $ctxt$2rdacontent 182 $cc$2rdamedia 183 $acr$2rdacarrier 200 10$aBartolomé de Las Casas $eFace à l'esclavage des Noir-e-s en Amériques/Caraïbes. L'aberration du Onzième Remède (1516) /$fVictorien Lavou Zoungbo 210 1$aPerpignan :$cPresses universitaires de Perpignan,$d2017. 215 $a1 online resource (375 pages) 311 $a2-35412-081-8 330 $aLas Casas est sans conteste l'une des « figures coloniales » les plus passionnantes et controversées dans le champ de études hispaniques, latino-américaines et caribéennes. Les motifs généralement associés à Las Casas sont aussi divers que variés ; ils portent en creux des enjeux tout à la fois épistémologiques, politiques et imaginaires : antiespagnol, défenseur des Indiens (et selon certain-e-s des Noirs), anticolonialiste avant la lettre, représentant frustré d'une véritable rencontre entre l'Europe et le « Nouveau mondes », colonialiste à visage faussement humain, illuminé... À cela s'ajoute la question (polémique) de sa responsabilité dans la mise en esclavage néfaste des Noir-e-s, suite à la formulation de son Onzième Remède/solution en 1516. Le présent ouvrage, transdisciplinaire et international, vise à revenir, partiellement mais rigoureusement, sur les circonstances historiques, politiques, économiques et imaginaires qui ont présidé à la dite proposition naguère faite par Las Casas, ainsi que, finalement, d'autres avant ou en même temps que lui. Par ce biais, son souci à lui était de libérer les Indiens des affres de l'exploitation espagnole qu'ils subissaient cruellement tout en se gardant de mettre en péril les intérêts de la couronne espagnole et des « colons missionnaires » engagés dans l'entreprise coloniale. Mais il s'agit aussi, dans cet ouvrage d'affranchir Las Casas de l'emprise des lectures purement historiennes qui en revendiquent le monopole, en examinant comment son itinéraire (formation, combats et conversions, publications, sa figure devenue mythique, etc.) est transcrit dans d'autres productions discursives et symboliques contemporaines. 606 $aHistory 606 $aHistory 606 $aesclavage 606 $aNoirs 606 $adiscrimination 606 $aAmérique Latine 610 $aNoirs 610 $aAmérique Latine 610 $aesclavage 610 $adiscrimination 615 0$aHistory. 615 4$aHistory 615 4$aesclavage 615 4$aNoirs 615 4$adiscrimination 615 4$aAmérique Latine 700 $aAkassi$b Clément Animan$01326212 701 $aBidima$b Jean Godefroy$f1958-$01113179 701 $aBueno$b Eva Paulino$01187686 701 $aCadé$b Michel$0518732 701 $aCamplani$b Clara$0527465 701 $aCapdevila$b Nestor$01288140 701 $aGuicharnaud-Tollis$b Michèle$01292768 701 $aKoumba$b Gélase$01285062 701 $aLavou Zoungbo$b Victorien$01285078 701 $aMarty$b Marlène$01285065 701 $aMiampika$b Landry-Wilfrid$01326213 701 $aPoumier$b Maria$f1950-$01304033 701 $aRetamar$b Roberto Fernández$0156573 701 $aSaint-Lu$b André$0386702 701 $aSalmoral$b Manuel Lucena$0636211 701 $aSa?nchez$b Rube?n A$g(Rube?n Antonio )$01427393 701 $aTardieu$b Jean-Pierre$f1944-$01203201 701 $aZoungbo$b Victorien Lavou$01305666 701 $aLavou Zoungbo$b Victorien$01285078 801 0$bFR-FrMaCLE 906 $aBOOK 912 $a9910228949803321 996 $aBartolomé de Las Casas$93560489 997 $aUNINA